| 000 | 01333cam a22004094i 4500 | ||
|---|---|---|---|
| 003 | PE-LiUPU | ||
| 005 | 20250731173159.0 | ||
| 008 | 150623s r 000 0 d | ||
| 035 | _a(Sirsi) a29396 | ||
| 040 |
_aPE-LiUPU _bspa _cPE-LiUPU _erda |
||
| 082 | 0 | 4 |
_a200 _bD542p _223 |
| 100 | 1 |
_aDíaz Alvarez, Manuel _eautor. _94144 |
|
| 245 | 1 | 1 |
_a¿Por que hay tantas religiones? / _cManuel Díaz Alvarez. |
| 264 | 1 |
_aCaracas : _bEdiciones Paulinas, _c1983. |
|
| 300 |
_a85 páginas ; _c17 centímetros. |
||
| 336 |
_atext _2rdacontent |
||
| 337 |
_aunmediated _2rdamedia |
||
| 338 |
_avolume _2rdacarrier |
||
| 490 | 0 |
_a(Religión y no religión ; _v3) |
|
| 505 | _aEl hinduísmo -- Las religiones en China -- El islamismo -- El judaísmo -- Religiones precolombinas -- El cristianismo -- Formas religiosas degradadas. | ||
| 526 | _aSEG42 | ||
| 526 | _aSEG41 | ||
| 526 | _aSEG40 | ||
| 526 | _aSEG39 | ||
| 526 | _aP94 | ||
| 526 | _aP87 | ||
| 526 | _aP86 | ||
| 526 | _aP85 | ||
| 526 | _aP77 | ||
| 526 | _aP76 | ||
| 526 | _aP35 | ||
| 650 | 1 | 4 |
_aReligión _91323 |
| 942 |
_2ddc _cBK |
||
| 949 |
_a291 D67 _wDEWEY _c1 _i38564 _lCCODEBUL1 _mBUL _p00.00 _r0 _sY _tBOOK _u2015-06-24 _xBIBLIOTECA _zUNKNOWN _0COMPRA _o.STAFF. Colección General |
||
| 980 |
_81 _gALBERTO SANCHEZ Responsable de Automatización |
||
| 999 |
_c36748 _d36748 |
||